MARC details
| 000 -CABECERA |
| campo de control de longitud fija |
00915cam a2200253 a 4500 |
| 001 - NÚMERO DE CONTROL |
| campo de control |
000005933 |
| 005 - FECHA Y HORA DE LA ÚLTIMA TRANSACCIÓN |
| campo de control |
20200929151840.0 |
| 008 - DATOS DE LONGITUD FIJA--INFORMACIÓN GENERAL |
| campo de control de longitud fija |
921125s1992 sp 001 p spa d |
| 020 ## - NÚMERO INTERNACIONAL ESTÁNDAR DEL LIBRO |
| Número Internacional Estándar del Libro |
8478201122 |
| 040 ## - FUENTE DE LA CATALOGACIÓN |
| Centro catalogador/agencia de origen |
DO-SdBNP |
| Centro/agencia transcriptor |
AzU |
| Centro/agencia modificador |
DLC |
| 050 04 - SIGNATURA TOPOGRÁFICA DE LA BIBLIOTECA DEL CONGRESO |
| Número de clasificación |
PQ6655.S68 |
| Número de documento/Ítem |
L34 1992 |
| 082 ## - NÚMERO DE LA CLASIFICACIÓN DECIMAL DEWEY |
| Número de clasificación |
861.6 |
| Número de documento/Ítem |
E77L |
| 100 1# - ENTRADA PRINCIPAL--NOMBRE DE PERSONA |
| Nombre de persona |
Esquillor, Mariano, |
| Fechas asociadas al nombre |
1919- |
| 9 (RLIN) |
16724 |
| 245 10 - MENCIÓN DE TÍTULO |
| Título |
Lagunas despiertas : |
| Resto del título |
trovador aturdido / |
| Mención de responsabilidad, etc. |
Mariano Esquillor. |
| 260 ## - PUBLICACIÓN, DISTRIBUCIÓN, ETC. |
| Lugar de publicación, distribución, etc. |
Zaragoza, España : |
| Nombre del editor, distribuidor, etc. |
Institución Fernando el Católico, |
| Fecha de publicación, distribución, etc. |
1992. |
| 300 ## - DESCRIPCIÓN FÍSICA |
| Extensión |
91 p. ; |
| Dimensiones |
25 cm. |
| 490 1# - MENCIÓN DE SERIE |
| Mención de serie |
"San Jorge" |
| Designación de volumen o secuencia |
vol. 62 |
| 490 1# - MENCIÓN DE SERIE |
| Mención de serie |
Publicacion de la Institucion "Fernando el Catolico" |
| Designación de volumen o secuencia |
no. 1290. |
| 650 #4 - PUNTO DE ACCESO ADICIONAL DE MATERIA--TÉRMINO DE MATERIA |
| Término de materia o nombre geográfico como elemento de entrada |
Poesía española |
| 9 (RLIN) |
631 |
| 650 #4 - PUNTO DE ACCESO ADICIONAL DE MATERIA--TÉRMINO DE MATERIA |
| Término de materia o nombre geográfico como elemento de entrada |
Literatura española |
| Subdivisión cronológica |
SIGLO XXI |
| 9 (RLIN) |
4846 |
| 830 #0 - PUNTO DE ACCESO ADICIONAL DE SERIE-TÍTULO UNIFORME |
| Título uniforme |
"San Jorge" ; |
| Designación de volumen o secuencia |
vol. 62 |
| 9 (RLIN) |
14363 |
| 830 #0 - PUNTO DE ACCESO ADICIONAL DE SERIE-TÍTULO UNIFORME |
| Título uniforme |
Publicacin de la Institución "Fernando el Católico" ; |
| Designación de volumen o secuencia |
no. 1290. |
| 9 (RLIN) |
16725 |
| 910 ## - DATOS DE OPCIÓN DEL USUARIO (OCLC) |
| Datos de opción del usuario |
Catalogación por copia / LC |